करंदीकर कुलवृत्तांत. (Record no. 1331156)

MARC details
000 -LEADER
fixed length control field 00569nam a2200181Ia 4500
008 - FIXED-LENGTH DATA ELEMENTS--GENERAL INFORMATION
fixed length control field 151202s9999||||xx |||||||||||||| ||und||
082 ## - DEWEY DECIMAL CLASSIFICATION NUMBER
Item number PNVM-64623
100 ## - MAIN ENTRY--PERSONAL NAME
Personal name ---
245 ## - TITLE STATEMENT
Title करंदीकर कुलवृत्तांत.
260 ## - PUBLICATION, DISTRIBUTION, ETC. (IMPRINT)
Name of publisher, distributor, etc करंदीकर कुलवृत्तांत समिती.
260 ## - PUBLICATION, DISTRIBUTION, ETC. (IMPRINT)
Date of publication, distribution, etc 2004
300 ## - PHYSICAL DESCRIPTION
Extent 799
600 ## - SUBJECT ADDED ENTRY--PERSONAL NAME
Personal name ---
630 ## - SUBJECT ADDED ENTRY--UNIFORM TITLE
Uniform title करंदीकर कुलवृत्तांत.
700 ## - ADDED ENTRY--PERSONAL NAME
Personal name ---
730 ## - ADDED ENTRY--UNIFORM TITLE
Uniform title करंदीकर कुलवृत्तांत.
942 ## - ADDED ENTRY ELEMENTS (KOHA)
Koha item type Book
Holdings
Withdrawn status Lost status Damaged status Not for loan Home library Current library Date acquired Cost, normal purchase price Total Checkouts Full call number Barcode Date last seen Cost, replacement price Price effective from Koha item type
        Pune Nagar Vachan Mandir, Pune Pune Nagar Vachan Mandir, Pune 06/27/2015 0.00   PNVM-64623 PNVM-64623 12/02/2015 0.00 12/02/2015 Book